Library Banner

McCracken's removable partial prosthodontics / (Record no. 139833)

MARC details
000 -LEADER
fixed length control field 00451nam a22001577a 4500
005 - DATE AND TIME OF LATEST TRANSACTION
control field 20260223095450.0
008 - FIXED-LENGTH DATA ELEMENTS--GENERAL INFORMATION
fixed length control field 260223b |||||||| |||| 00| 0 eng d
020 ## - INTERNATIONAL STANDARD BOOK NUMBER
International Standard Book Number 9788131245248 (pbk)
040 ## - CATALOGING SOURCE
Transcribing agency PK-LaUMT
082 ## - DEWEY DECIMAL CLASSIFICATION NUMBER
Classification number 617.692
Item number CAR-M
100 ## - MAIN ENTRY--PERSONAL NAME
Personal name Carr, Alan B.
245 ## - TITLE STATEMENT
Title McCracken's removable partial prosthodontics /
Statement of responsibility, etc by Alan B. Carr and David T. Brown
260 ## - PUBLICATION, DISTRIBUTION, ETC. (IMPRINT)
Place of publication, distribution, etc Haryana :
Name of publisher, distributor, etc Elsevier,
Date of publication, distribution, etc 2016
300 ## - PHYSICAL DESCRIPTION
Extent 375 p.
942 ## - ADDED ENTRY ELEMENTS (KOHA)
Koha item type Books
Holdings
Withdrawn status Lost status Damaged status Home library Current library Date acquired Full call number Barcode Date last seen Price effective from Koha item type Copy number
      UMT Health Sciences Campus UMT Health Sciences Campus 2026-02-23 617.692 CAR-M 151976 2026-02-23 2026-02-23 Books  
      UMT Health Sciences Campus UMT Health Sciences Campus 2026-02-23 617.692 CAR-M 151977 2026-02-23 2026-02-23 Books C.2
      UMT Health Sciences Campus UMT Health Sciences Campus 2026-02-23 617.692 CAR-M 151978 2026-02-23 2026-02-23 Books C.3
      UMT Health Sciences Campus UMT Health Sciences Campus 2026-02-23 617.692 CAR-M 151979 2026-02-23 2026-02-23 Books C.4
      UMT Health Sciences Campus UMT Health Sciences Campus 2026-02-23 617.692 CAR-M 151980 2026-02-23 2026-02-23 Books C.5